Nghiên cứu điều chế Nano Mangan Dioxit bằng phương pháp Oxi hóa khử ở trạng thái rắn : Chuyên ngành: Hóa lý thuyết & Hóa lý

Trong luận văn này, tác giả nghiên cứu điều chế MnO2 kích thước nano bằng phương pháp phản ứng oxi hóa khử ở trạng thái rắn giữa KMnO4 với Mn(Ac)2.xH2O. Khảo sát yếu tố ảnh hưởng đến chỉ số n và hàm lượng MnO2 khi thay đổi hàm lượng nư...

Cijeli opis

Spremljeno u:
Bibliografski detalji
Glavni autor: Lê, Hoàng
Format: Knjiga
Jezik:Undetermined
Izdano: Cần Thơ Trường Đại học Cần Thơ 2009
Teme:
Oznake: Dodaj oznaku
Bez oznaka, Budi prvi tko označuje ovaj zapis!
Thư viện lưu trữ: Trung tâm Học liệu Trường Đại học Cần Thơ
LEADER 01543nam a2200229Ia 4500
001 CTU_154385
008 210402s9999 xx 000 0 und d
082 |a 661.0541 
082 |b H407 
088 |a 60440119 
100 |a Lê, Hoàng 
245 0 |a Nghiên cứu điều chế Nano Mangan Dioxit bằng phương pháp Oxi hóa khử ở trạng thái rắn : 
245 0 |b Chuyên ngành: Hóa lý thuyết & Hóa lý 
245 0 |c Lê Hoàng ; Hướng dẫn khoa học: Bùi Trung 
260 |a Cần Thơ 
260 |b Trường Đại học Cần Thơ 
260 |c 2009 
520 |a Trong luận văn này, tác giả nghiên cứu điều chế MnO2 kích thước nano bằng phương pháp phản ứng oxi hóa khử ở trạng thái rắn giữa KMnO4 với Mn(Ac)2.xH2O. Khảo sát yếu tố ảnh hưởng đến chỉ số n và hàm lượng MnO2 khi thay đổi hàm lượng nước cấu trúc trong nguyên liệu Mn(Ac)2.xH2O đồng thời với việc thay đổi thời gian nghiền trộn phản ứng, nhiệt độ già hóa và thời gian già hóa và đã xây dựng quy trình điều chế sản phẩm MnO2 kích thước nano khoảng 10-15 nm và là α-MnO2. 
650 |a Magnesium compounds,Chemistry, inorganic 
650 |x Industrial applications 
904 |i Giang 
980 |a Trung tâm Học liệu Trường Đại học Cần Thơ